000 00687nam a2200217Ia 4500
003 OSt
005 20230627104810.0
008 210423s9999 xx 000 0 und d
040 _cAL
041 _akan
082 _a361.6K
_223
_bINDB
100 _aINDIA, GOVERNMENT OF
_9113302
245 _aBharath sarakarada janahita karyakramagalu janasamanyara anukulakkagi
260 _bMinistry of Information & Broadcasting
300 _a121
_bPB
365 _cINR
650 _aSocial Problems & Services
_9113303
650 _aSocial Problems & Social Welfare
_9113304
906 _aanukulakaki. ; Bharath ; janahitha ; janasamanyara ; karyakramagalu ; sarakarada
942 _2ddc
_cBK
999 _c173076
_d173076